Syrien-Quiz - Statistiken

Allgemein
  • Dieses Quiz wurde 1.517 mal gespielt
  • Das Durchschnittsergebnis liegt bei 12 aus 22
Antwortstatistiken
Frage Antwort % Korrekt
Größte Stadt Damaskus
96%
Amtssprache Arabisch
94%
Nachbarland, mit dem Syrien seine längste Grenze teilt Türkei
86%
"Kalifat", das in den 2010er-Jahren einen Großteil von Syrien kontrollierte ISIS
84%
Meer, das an Syrien grenzt Mittelmeer
84%
Diese zwei Länder haben die syrische Regierung während des Bürgerkrieges unterstützt Iran | Russland
82%
Reich, von dem Syrien 1516–1918 kontrolliert wurde Osmanisches Reich
78%
Europäisches Land, das 1924–1946 Syrien als "Mandat" kontrollierte Frankreich
69%
Zweitgrößte Stadt Aleppo
67%
Staatsführer von Syrien Bashar al-Assad
67%
Fluss, der auf seinem Weg zum Persischen Golf durch Syrien fließt Euphrat
54%
Landstreifen, den Israel Syrien während dem Sechstagekrieg wegnahm {Golan}höhen
54%
Im Altertum war Syrien ein Teil dieses Gebiets, auch bekannt als "Wiege der Menschheit" Fruchtbarer {Halbmond}
47%
Land, mit dem Syrien 1958–1961 die "Vereinigte Arabische Republik" formte Ägypten
46%
Der Name "Syrien" stammt von diesem mesopotamischen Reich Assyrien
39%
Syrien ist Teil dieser Nahostregion (Anfangsbuchstabe L) Levante
36%
Währung von Syrien Syrische Lira
32%
Drittgrößte Stadt, ehemalig "Emesa" Homs
29%
Minderheit des Islams, zu der die herrschende Klasse Syriens gehört (Anfangsbuchstabe A) Alawiten
27%
Politische Partei des obigen Führers Ba'ath
27%
UNESCO-Weltkulturerbestadt, die 2015 teilweise von der obigen Gruppe zerstört wurde Palmyra
20%
Kreuzzüger, der 1174 "Sultan von Syrien" wurde Saladin
17%
Keine übereinstimmenden Quizze gefunden
Verteilung der Resultate
Anzahl Personen mit jedem Resultat
Perzentil nach korrekt beantworteten Fragen
Ihre Resultats-Entwicklung
Sie haben dieses Quiz noch nicht gespielt